Pays avec le + de Ligue Europa - Statistiques

Statistiques générales
  • Ce quiz a été pris 79 fois
  • Le résultat moyen est 11 sur 13
Statistiques - réponses
Nombre de C3 Classement Réponse % Correct
14 1 Espagne
100%
9 3 Angleterre
99%
7 4 Allemagne
97%
10 2 Italie
97%
3 6 Portugal
96%
4 5 Pays-Bas
90%
1 11 Belgique
85%
2 7 Russie
82%
1 9 Ukraine
78%
2 8 Suède
72%
1 10 Turquie
67%
1 12 Hongrie
58%
1 13 Yougoslavie
35%
Aucun quiz correspondant
Distribution des résultats
% des personnes avec chaque résultat
Percentile par nombre de réponses
Votre historique - résultats
Vous n’avez pas pris ce quiz